Central Library OPAC University of Rajshahi

Lives of the English poets / (Record no. 76790)

MARC details
000 -LEADER
fixed length control field 01077nam a2200313 a 4500
001 - CONTROL NUMBER
control field 76790
003 - CONTROL NUMBER IDENTIFIER
rucl marc code BD-RjUL
005 - DATE AND TIME OF LATEST TRANSACTION
control field 20211209082904.0
008 - FIXED-LENGTH DATA ELEMENTS--GENERAL INFORMATION
fixed length control field 200120r19491906enk 000 0deng c
035 ## - SYSTEM CONTROL NUMBER
System control number 15-01584
System control number (OCoLC)2768302
System control number (BD-RjUL)77014
040 ## - CATALOGING SOURCE
Original cataloging agency Virginia Poly. Inst. Library
Transcribing agency FXG
Modifying agency m.c
-- SER
-- EQO
-- BD-RjUL
Language of cataloging eng
041 ## - LANGUAGE CODE
Language code of text/sound track or separate title eng
082 ## - DEWEY DECIMAL CLASSIFICATION NUMBER
Edition number 23
Classification number 821.009
Author mark and year JOL 1949
100 1# - MAIN ENTRY--PERSONAL NAME
Personal name Johnson, Samuel,
Dates associated with a name 1709-1784.
9 (RLIN) 237914
245 10 - TITLE STATEMENT
Title Lives of the English poets /
Statement of responsibility, etc. By Samuel Johnson ; with an introduction by Arthur Waugh.
260 ## - PUBLICATION, DISTRIBUTION, ETC. (IMPRINT)
Place of publication, distribution, etc. London :
Name of publisher, distributor, etc. Oxford University Press,
Date of publication, distribution, etc. 1906 [reprinted 1949]
300 ## - PHYSICAL DESCRIPTION
Pagination v. ;
Size 16 cm.
490 1# - SERIES STATEMENT
Series statement World's classics ;
Volume/sequential designation 84
650 #0 - SUBJECT ADDED ENTRY--TOPICAL TERM
Topical term or geographic name as entry element Poets, English
9 (RLIN) 237915
Topical term or geographic name as entry element English poetry
Chronological subdivision Early modern, 1500-1700
General subdivision History and criticism
9 (RLIN) 237916
Topical term or geographic name as entry element English poetry
Chronological subdivision 18th century
General subdivision History and criticism
9 (RLIN) 237917
700 1# - ADDED ENTRY--PERSONAL NAME
Personal name Waugh, Arthur,
Dates associated with a name 1866-1943.
830 #0 - SERIES ADDED ENTRY--UNIFORM TITLE
Uniform title World's classics ;
Volume number/sequential designation 84.
942 ## - ADDED ENTRY ELEMENTS (KOHA)
Source of classification or shelving scheme Dewey Decimal Classification
Koha item type Books
Holdings
Lost status Source of classification or shelving scheme Damaged status Not for loan Collection code Permanent Location Current Location Shelving location Date acquired Total Checkouts Full call number Date last seen Copy number Koha item type
  Dewey Decimal Classification   Not For Loan Non-fiction Central Library, University of Rajshahi Central Library, University of Rajshahi Reading Room 20/01/2020   821.009 JOL 1949 20/01/2020 C-1 Books